[Event "XXIII Festival Conca della Presolana A"]
[Site "Bratto - Castione della Presolana ITA"]
[Date "2003.08.26"]
[Round "6"]
[White "Lucaroni, Massimiliano"]
[Black "Piantoni, Roberto"]
[Result "1-0"]
[WhiteElo "2295"]
[BlackElo "2157"]
[PlyCount "107"]
[EventDate "2003.08.21"]

1.e4 Nf6 2.e5 Nd5 3.d4 d6 4.c4 Nb6 5.exd6 cxd6 6.Nc3 g6 7.h3 Bg7 8.Nf3 O-O
9.Be2 Nc6 10.O-O Bf5 11.Bg5 h6 12.Be3 d5 13.c5 Nc4 14.Bc1 b6 15.b3 bxc5 
16.bxc4 cxd4 17.Nxd5 d3 18.Bxd3 Bxd3 19.Qxd3 Bxa1 20.Bxh6 Bg7 21.Bxg7 Kxg7
22.Re1 Qd6 23.Ng5 Rac8 24.h4 Ne5 25.Qd4 f6 26.c5 Qd7 27.Rxe5 fxe5 28.Qxe5+
Rf6 29.h5 Rh8 30.Nxf6 exf6 31.Ne6+ Kh6 32.Qf4+ Kh7 33.hxg6+ Kxg6 34.Qg4+ 
Kf7 35.Qg7+ Kxe6 36.Qxh8 Qd1+ 37.Kh2 Qc2 38.Qc8+ Kd5 39.Qd7+ Kc4 40.Qe6+ 
Kb5 41.Qb3+ Qxb3 42.axb3 Kxc5 43.g4 Kb4 44.f4 Kxb3 45.g5 fxg5 46.fxg5 a5 
47.g6 a4 48.g7 a3 49.g8=Q+ Kb2 50.Qb8+ Ka1 51.Qe5+ Kb1 52.Qb5+ Ka1 53.Qc4 
Kb2 54.Qb4+ 1-0

[Event "XXIII Festival Conca della Presolana A"]
[Site "Bratto - Castione della Presolana ITA"]
[Date "2003.08.26"]
[Round "6"]
[White "Marzano, Carlo"]
[Black "Mantovani, Renzo"]
[Result "0-1"]
[WhiteElo "2225"]
[BlackElo "2375"]
[PlyCount "84"]
[EventDate "2003.08.21"]

1.d4 Nf6 2.Nf3 e6 3.Bg5 c5 4.e4 cxd4 5.e5 h6 6.Bc1 Nh7 7.Qxd4 Nc6 8.Qe4 
Ng5 9.Bxg5 hxg5 10.Nbd2 Qc7 11.O-O-O g4 12.Qxg4 Qa5 13.Bc4 Nxe5 14.Nxe5 
Qxe5 15.Nf3 Qc7 16.Rhe1 Be7 17.h4 d5 18.Bb5+ Kf8 19.Ba4 b5 20.Bxb5 Rb8 21.
Bd3 Rb4 22.Qg3 Bd6 23.Qh3 g5 24.Qh1 Qa5 25.Kb1 gxh4 26.b3 Be7 27.Ne5 Bf6 
28.Qh2 Qc5 29.Kb2 Rh5 30.f4 Qd4+ 31.c3 Qxf4 32.Qxf4 Rxf4 33.Nc6 Rg5 34.Re2
Bb7 35.Nxa7 d4 36.Nb5 dxc3+ 37.Nxc3 Bxg2 38.Ree1 h3 39.Kc2 h2 40.a4 Rc5 
41.Bc4 Rfxc4 42.bxc4 Rxc4 0-1

[Event "XXIII Festival Conca della Presolana A"]
[Site "Bratto - Castione della Presolana ITA"]
[Date "2003.08.26"]
[Round "6"]
[White "Mascheroni, Maurizio"]
[Black "Salami, Marco"]
[Result "0-1"]
[WhiteElo "2068"]
[BlackElo "2177"]
[PlyCount "78"]
[EventDate "2003.08.21"]

1.e4 e6 2.d4 d5 3.Nd2 Nc6 4.c3 dxe4 5.Nxe4 Qd5 6.Ng3 e5 7.dxe5 Qxd1+ 8.
Kxd1 Nxe5 9.Bf4 Bd6 10.Kc2 Ne7 11.Re1 f6 12.Bxe5 fxe5 13.Bd3 O-O 14.f3 Be6
15.b3 a5 16.a4 Rad8 17.N1e2 Nd5 18.Nf1 Be7 19.Nd4 exd4 20.Rxe6 dxc3 21.Bc4
Nb4+ 22.Kxc3 Kf7 23.Rd6+ Ke8 24.Rxd8+ Kxd8 25.Ng3 Bf6+ 26.Kd2 Bg5+ 27.Kc3 
Kc8 28.Rd1 Bf6+ 29.Kd2 Re8 30.Ne4 Be5 31.h3 c6 32.Ke2 Kc7 33.Kf1 Nc2 34.
Rd3 h6 35.Rd2 Ne3+ 36.Kf2 Nf5 37.Rd3 g5 38.Rd1 Bd4+ 39.Kf1 Ne3+ 0-1

[Event "XXIII Festival Conca della Presolana A"]
[Site "Bratto - Castione della Presolana ITA"]
[Date "2003.08.26"]
[Round "6"]
[White "Mauro, Alan"]
[Black "Lanzani, Mario"]
[Result "0-1"]
[WhiteElo "2222"]
[BlackElo "2355"]
[PlyCount "66"]
[EventDate "2003.08.21"]

1.e4 e5 2.Nf3 Nc6 3.Bb5 Nf6 4.d4 Nxe4 5.O-O Nd6 6.Bxc6 dxc6 7.dxe5 Nf5 8.
Qe2 h6 9.Rd1 Qe7 10.b3 Bd7 11.Ba3 Qe6 12.Bxf8 Rxf8 13.Nc3 Qe7 14.Ne4 O-O-O
15.b4 Qxb4 16.Rdb1 Qa5 17.c4 c5 18.Ned2 Bc6 19.Nb3 Qc3 20.Nxc5 Rfe8 21.Re1
Bxf3 22.Qxf3 Qxf3 23.gxf3 Nd4 24.Re4 Rxe5 25.Rxe5 Nxf3+ 26.Kg2 Nxe5 27.Re1
Nxc4 28.Re7 Nd6 29.Ne4 Nxe4 30.Rxe4 c5 31.Re5 b6 32.a4 Rd7 33.a5 Kb7 0-1

[Event "XXIII Festival Conca della Presolana A"]
[Site "Bratto - Castione della Presolana ITA"]
[Date "2003.08.26"]
[Round "6"]
[White "Muscolino, Attilio"]
[Black "Barletta, Antonio"]
[Result "0-1"]
[WhiteElo "2155"]
[BlackElo "2053"]
[PlyCount "94"]
[EventDate "2003.08.21"]

1.e4 c5 2.Nf3 e6 3.c3 Nf6 4.e5 Nd5 5.Bc4 Nb6 6.Be2 d6 7.O-O Nc6 8.d4 Qc7 
9.Bb5 Bd7 10.dxc5 dxc5 11.Qe2 Be7 12.Bf4 h6 13.Bg3 g5 14.a4 h5 15.h4 gxh4 
16.Nxh4 Qd8 17.Qe4 a6 18.Be2 Na7 19.Rd1 Qc7 20.a5 Nd5 21.b4 Bc6 22.Qc4 
cxb4 23.cxb4 Bb5 24.Qe4 Bxe2 25.Qxe2 Qc6 26.Qd2 Rc8 27.Rf1 Nb5 28.Qe2 Qc4 
29.Qxc4 Rxc4 30.Nd2 Rxh4 31.Bxh4 Bxh4 32.Rab1 Be7 33.Ne4 Nxb4 34.Nd6+ Bxd6
35.exd6 Nd5 36.f4 Kd7 37.f5 Rh7 38.fxe6+ fxe6 39.Rf8 Kxd6 40.Rd8+ Kc7 41.
Re8 Rg7 42.Rb2 Nf4 43.Kh2 Nd4 44.Rd2 Nde2 45.g3 Rxg3 46.Re7+ Kb8 47.Rd8+ 
Ka7 0-1

[Event "XXIII Festival Conca della Presolana A"]
[Site "Bratto - Castione della Presolana ITA"]
[Date "2003.08.26"]
[Round "6"]
[White "Osuna Munoz, Xavier"]
[Black "Rigamonti, Stefano"]
[Result "0-1"]
[WhiteElo "2097"]
[BlackElo "1905"]
[PlyCount "26"]
[EventDate "2003.08.21"]

1.e4 e5 2.Nc3 Nf6 3.Bc4 Nxe4 4.Nf3 Nc6 5.O-O Be7 6.Re1 Nxc3 7.dxc3 d6 8.h3
O-O 9.Nh2 Bg5 10.Qh5 Bxc1 11.Raxc1 Be6 12.Bxe6 fxe6 13.Ng4 Rf5 0-1

[Event "XXIII Festival Conca della Presolana A"]
[Site "Bratto - Castione della Presolana ITA"]
[Date "2003.08.26"]
[Round "6"]
[White "Pagnoncelli, Marco"]
[Black "Rombaldoni, Andrea"]
[Result "0-1"]
[WhiteElo "2116"]
[BlackElo "2259"]
[PlyCount "72"]
[EventDate "2003.08.21"]

1.e4 e5 2.Nc3 Nf6 3.g3 Nc6 4.Bg2 Bc5 5.Nge2 h5 6.Na4 Be7 7.d4 d6 8.Bg5 Bg4
9.f3 Bd7 10.h4 Nxd4 11.Nxd4 Bxa4 12.Nf5 Bf8 13.f4 Bd7 14.O-O g6 15.fxe5 
dxe5 16.Nd6+ cxd6 17.Bxf6 Qb6+ 18.Kh2 Rg8 19.Bh3 Bc6 20.Qf3 Qc7 21.Rad1 
Be7 22.Bxe5 f5 23.Bxf5 gxf5 24.Qxh5+ Kd8 25.exf5 Kc8 26.Bf4 Rd8 27.f6 Bf8 
28.Rd3 b6 29.Rfd1 Kb7 30.g4 Qd7 31.Re1 Rac8 32.c3 Ka8 33.Qg6 Bb7 34.Rde3 
Qa4 35.Bg3 Qc6 36.Qc2 d5 0-1

[Event "XXIII Festival Conca della Presolana A"]
[Site "Bratto - Castione della Presolana ITA"]
[Date "2003.08.26"]
[Round "6"]
[White "Podini, Francesco"]
[Black "Maccagno, Giancarlo"]
[Result "0-1"]
[WhiteElo "2041"]
[BlackElo "2133"]
[PlyCount "112"]
[EventDate "2003.08.21"]

1.e4 g6 2.d4 d6 3.Nc3 c6 4.Be3 Bg7 5.Qd2 b5 6.Bd3 a6 7.Nce2 Nd7 8.Nf3 Bb7 
9.O-O Ngf6 10.Bh6 O-O 11.Bxg7 Kxg7 12.Ng3 Ng8 13.Qf4 f6 14.Qg4 Kh8 15.c3 
e5 16.Bc2 Qe7 17.Rad1 Bc8 18.Qh4 Nb6 19.Nd2 f5 20.Qxe7 Nxe7 21.dxe5 dxe5 
22.exf5 gxf5 23.Rfe1 Ng6 24.h3 Ra7 25.Nf3 e4 26.Nd4 c5 27.Nb3 Rc7 28.Na5 
Ne5 29.f3 Nbc4 30.Nxc4 Nxc4 31.fxe4 f4 32.Nf1 Rg7 33.Kh2 Nxb2 34.Rd5 c4 
35.Nd2 Rg3 36.Nf3 Bxh3 37.Re2 Bxg2 38.Ng5 Bf1 39.Rf2 Bd3 40.Ne6 Rfg8 41.
Nxf4 R3g4 42.Nh3 Bxc2 43.Rxc2 Nd3 44.Re2 Re8 45.e5 Rh4 46.Rd4 Rh5 47.e6 
Ne5 48.Rd6 Rg8 49.Rxe5 Rxe5 50.Rxa6 Re8 51.Nf4 Re3 52.Rb6 Rf8 53.Nd5 Re5 
54.e7 Rh5+ 55.Kg3 Rg8+ 56.Kf4 Rxd5 0-1

[Event "XXIII Festival Conca della Presolana A"]
[Site "Bratto - Castione della Presolana ITA"]
[Date "2003.08.26"]
[Round "6"]
[White "Rago, Riccardo"]
[Black "Lovati, Paolo"]
[Result "1/2-1/2"]
[WhiteElo "2163"]
[BlackElo "2089"]
[PlyCount "97"]
[EventDate "2003.08.21"]

1.e4 d6 2.d4 Nf6 3.Nc3 c6 4.a4 Qc7 5.Nf3 Bg4 6.h3 Bh5 7.Be2 e6 8.O-O d5 9.
exd5 Nxd5 10.Nxd5 cxd5 11.Ne5 Bxe2 12.Qxe2 Bd6 13.Nd3 Nc6 14.c3 O-O 15.f4 
Rfe8 16.Qf3 Ne7 17.Bd2 Rab8 18.a5 g6 19.Kh1 Kg7 20.g4 f5 21.Rfe1 Qd7 22.
Re2 Ng8 23.g5 Ne7 24.Qg3 Nc6 25.b4 b6 26.axb6 axb6 27.Qe1 Kf7 28.Kg2 Na7 
29.Qb1 Nb5 30.Qb2 Ra8 31.Ree1 Rec8 32.Rxa8 Rxa8 33.Ra1 Rxa1 34.Qxa1 Qa7 
35.Qxa7+ Nxa7 36.Kf2 Ke8 37.Ke2 Kd7 38.Nb2 Bc7 39.Kd3 Nb5 40.Kc2 Nd6 41.
Nd3 Ne4 42.Be3 Kc6 43.Kb3 Kb5 44.Ne1 Bd6 45.Nf3 Ng3 46.Ng1 Nf1 47.Bc1 Bc7 
48.Nf3 Bb8 49.Ng1 1/2-1/2

[Event "XXIII Festival Conca della Presolana A"]
[Site "Bratto - Castione della Presolana ITA"]
[Date "2003.08.26"]
[Round "6"]
[White "Satta, Vladimiro"]
[Black "Sedina, Elena"]
[Result "1/2-1/2"]
[WhiteElo "2242"]
[BlackElo "2390"]
[PlyCount "55"]
[EventDate "2003.08.21"]

1.e4 e6 2.d4 d5 3.Nd2 c5 4.exd5 exd5 5.Ngf3 Nc6 6.Bb5 Bd6 7.O-O cxd4 8.
Re1+ Ne7 9.Nb3 O-O 10.Nbxd4 Bg4 11.Be2 h6 12.h3 Bh5 13.Be3 Rc8 14.c3 Bb8 
15.Qd2 Qd6 16.Nb5 Qf6 17.Nh2 Bxe2 18.Rxe2 a6 19.Nd4 Qd6 20.Nhf3 Rfd8 21.
Rd1 Ng6 22.Nf5 Qf6 23.Ng3 Nh4 24.Nxh4 Qxh4 25.Bb6 Rd7 26.Qe1 Re7 27.Rxd5 
Rxe2 28.Qxe2 1/2-1/2

[Event "XXIII Festival Conca della Presolana A"]
[Site "Bratto - Castione della Presolana ITA"]
[Date "2003.08.26"]
[Round "6"]
[White "Scacco, Mauro"]
[Black "Pedemonte, Claudio"]
[Result "1-0"]
[WhiteElo "2090"]
[BlackElo "1974"]
[PlyCount "61"]
[EventDate "2003.08.21"]

1.e4 d5 2.exd5 Qxd5 3.Nc3 Qa5 4.d4 Nf6 5.Bc4 Bf5 6.Bd2 c6 7.Qe2 e6 8.d5 
Nbd7 9.dxe6 fxe6 10.Nf3 O-O-O 11.O-O-O Bb4 12.a3 Bxc3 13.Bxc3 Qa4 14.Bb3 
Qe4 15.Qxe4 Nxe4 16.Bxg7 Rhg8 17.Bd4 c5 18.Be3 Rxg2 19.Nh4 Rg7 20.Nxf5 
exf5 21.Rhg1 Rxg1 22.Rxg1 f4 23.Bxf4 Nxf2 24.Rg7 Rf8 25.Bg3 Ne4 26.Kb1 
Ndf6 27.Be6+ Kd8 28.Rxb7 Nh5 29.Rb8+ Ke7 30.Rxf8 Kxf8 31.Be5 {...} 1-0

[Event "XXIII Festival Conca della Presolana A"]
[Site "Bratto - Castione della Presolana ITA"]
[Date "2003.08.26"]
[Round "6"]
[White "Shytaj, Carlo"]
[Black "Orsi, Massimiliano"]
[Result "1-0"]
[WhiteElo "2150"]
[BlackElo "2046"]
[PlyCount "67"]
[EventDate "2003.08.21"]

1.e4 e5 2.Nc3 Nc6 3.Bc4 Nf6 4.d3 Bc5 5.f4 Bxg1 6.Rxg1 h5 7.h3 d6 8.f5 Ne7 
9.Bg5 c6 10.Qf3 b5 11.Bb3 Qa5 12.Bxf6 gxf6 13.g4 Bb7 14.g5 fxg5 15.Rxg5 
O-O-O 16.Rxh5 Rhg8 17.O-O-O d5 18.f6 Ng6 19.exd5 cxd5 20.d4 b4 21.Ne2 e4 
22.Qf2 Qc7 23.Rf1 Rd6 24.Qh2 Qd8 25.Rff5 Rxf6 26.Bxd5 Bxd5 27.Rxd5 Rf1+ 
28.Kd2 e3+ 29.Kxe3 Qe7+ 30.Kd2 Nf4 31.Rde5 Qd6 32.Nxf4 Qxd4+ 33.Nd3 Rgg1 
34.Rc5+ 1-0

[Event "XXIII Festival Conca della Presolana A"]
[Site "Bratto - Castione della Presolana ITA"]
[Date "2003.08.26"]
[Round "6"]
[White "Tatai, Stefano"]
[Black "Godena, Michele"]
[Result "1/2-1/2"]
[WhiteElo "2343"]
[BlackElo "2517"]
[PlyCount "47"]
[EventDate "2003.08.21"]

1.e4 e5 2.Nf3 Nc6 3.d4 exd4 4.Nxd4 Bc5 5.Nxc6 Qf6 6.Qd2 dxc6 7.Nc3 Ne7 8.
Qf4 Be6 9.Be3 Qxf4 10.Bxf4 O-O-O 11.Na4 Bb4+ 12.c3 Bd6 13.Bxd6 cxd6 14.c4 
Rhe8 15.O-O-O d5 16.cxd5 cxd5 17.Bb5 Nc6 18.Nc5 dxe4 19.Bxc6 bxc6 20.Nxe4 
Bd5 21.Nc3 Bxg2 22.Rxd8+ Kxd8 23.Rg1 Be4 24.Nxe4 1/2-1/2

[Event "XXIII Festival Conca della Presolana A"]
[Site "Bratto - Castione della Presolana ITA"]
[Date "2003.08.26"]
[Round "6"]
[White "Tirrito, Luca"]
[Black "Galli, Fabio"]
[Result "1/2-1/2"]
[WhiteElo "2036"]
[BlackElo "2086"]
[PlyCount "90"]
[EventDate "2003.08.21"]

1.e4 e6 2.d4 d5 3.e5 b6 4.c3 Qd7 5.Nf3 Ne7 6.Na3 Ba6 7.Bxa6 Nxa6 8.Qd3 Nb8
9.Be3 Ng6 10.Nc2 c5 11.h4 h5 12.b3 Nc6 13.Bd2 Nge7 14.b4 cxb4 15.cxb4 a5 
16.b5 Na7 17.a4 Nf5 18.Ne3 Nxe3 19.Bxe3 Bb4+ 20.Bd2 Bxd2+ 21.Nxd2 Rc8 22.
O-O Qe7 23.Qg3 O-O 24.f4 f5 25.Rfc1 Kh7 26.Nf3 g6 27.Rxc8 Rxc8 28.Qg5 Qxg5
29.Nxg5+ Kg8 30.Nxe6 Kf7 31.Ng5+ Ke7 32.Nf3 Rc4 33.Ra2 Nc8 34.Kf2 Kd7 35.
Ke3 Ne7 36.Kd3 Ng8 37.Nd2 Rc8 38.Rc2 Rxc2 39.Kxc2 Ne7 40.Nf3 Kc7 41.Ng5 
Kd7 42.Nh7 Kc7 43.Nf6 Kc8 44.g3 Kd8 45.Kd3 Kc8 1/2-1/2

[Event "XXIII Festival Conca della Presolana A"]
[Site "Bratto - Castione della Presolana ITA"]
[Date "2003.08.26"]
[Round "6"]
[White "Vinzoni, Andrea"]
[Black "Sbarra, Marco"]
[Result "1/2-1/2"]
[WhiteElo "2100"]
[BlackElo "2207"]
[PlyCount "78"]
[EventDate "2003.08.21"]

1.d4 d5 2.c4 e6 3.Nc3 c5 4.cxd5 exd5 5.Nf3 Nc6 6.g3 Nf6 7.Bg2 Be7 8.O-O 
O-O 9.Bg5 cxd4 10.Nxd4 h6 11.Nxc6 bxc6 12.Be3 Bg4 13.Rc1 Qd7 14.Na4 Rfe8 
15.Bc5 Rac8 16.Re1 Bd8 17.Nc3 Bb6 18.Qd4 Bh3 19.Rcd1 Bxg2 20.Kxg2 Bxc5 21.
Qxc5 Ne4 22.Nxe4 Rxe4 23.Rd4 Rxd4 24.Qxd4 c5 25.Qd2 d4 26.b3 c4 27.bxc4 
Rxc4 28.Kg1 Qc7 29.Rd1 Qc5 30.h4 a5 31.Qd3 a4 32.a3 Rc1 33.Rxc1 Qxc1+ 34.
Kg2 Qc6+ 35.Qf3 Qc4 36.Qa8+ Kh7 37.Qe4+ Kg8 38.Qa8+ Kh7 39.Qe4+ Kg8 
1/2-1/2

[Event "XXIII Festival Conca della Presolana A"]
[Site "Bratto - Castione della Presolana ITA"]
[Date "2003.08.26"]
[Round "6"]
[White "Volpinari, Danilo"]
[Black "Bonazzi, Edoardo"]
[Result "0-1"]
[WhiteElo "2050"]
[BlackElo "2130"]
[PlyCount "54"]
[EventDate "2003.08.21"]

1.e4 c6 2.c4 d5 3.exd5 cxd5 4.cxd5 Nf6 5.Nc3 Nxd5 6.Bc4 e6 7.Nf3 Nc6 8.O-O
Be7 9.d4 O-O 10.Re1 a6 11.a3 Nxc3 12.bxc3 b5 13.Ba2 Bb7 14.Qd3 Bf6 15.Bb1 
g6 16.Bf4 Qd5 17.Ba2 Qf5 18.Qe3 Ne7 19.Bb1 Qd5 20.Ba2 Qc6 21.Be5 Nf5 22.
Qd2 Bxe5 23.Rxe5 Rac8 24.Rc1 Rfd8 25.c4 Nxd4 26.Qe3 Nxf3+ 27.gxf3 bxc4 0-1

[Event "XXIII Festival Conca della Presolana A"]
[Site "Bratto - Castione della Presolana ITA"]
[Date "2003.08.26"]
[Round "6"]
[White "Zoldan, Matteo"]
[Black "Manzoni, Alessandro"]
[Result "1/2-1/2"]
[WhiteElo "2104"]
[BlackElo "2034"]
[PlyCount "133"]
[EventDate "2003.08.21"]

1.e4 d6 2.d4 Nf6 3.Nc3 g6 4.Be3 c6 5.Qd2 b5 6.f3 Nbd7 7.Bd3 a5 8.a4 b4 9.
Nd1 Qc7 10.c3 e5 11.Ne2 c5 12.Bb5 Ba6 13.dxe5 Bxb5 14.exf6 Bxe2 15.Qxe2 
Nxf6 16.c4 Bg7 17.Qd2 O-O 18.Bh6 Rfe8 19.Bxg7 Kxg7 20.O-O Nd7 21.b3 Ne5 
22.Ne3 Nc6 23.Nc2 Re6 24.Rad1 Rae8 25.Rfe1 Qe7 26.Qf4 g5 27.Qc1 Qf6 28.Rd5
h6 29.Qa1 Qxa1 30.Rxa1 Ne7 31.Rd2 f5 32.Rad1 fxe4 33.Rxd6 Rxd6 34.Rxd6 
exf3 35.gxf3 Nf5 36.Rd5 Ne3 37.Nxe3 Rxe3 38.Rxc5 Rxb3 39.Rxa5 Rc3 40.c5 
Rxf3 41.Rb5 Rc3 42.a5 b3 43.c6 Rxc6 44.Rxb3 Rc1+ 45.Kg2 Ra1 46.Rb5 Kg6 47.
h4 Kh5 48.hxg5 hxg5 49.Kg3 Ra3+ 50.Kf2 Kh4 51.Kg2 g4 52.Kf2 Ra2+ 53.Kg1 
Kh3 54.Rh5+ Kg3 55.Kf1 Ra1+ 56.Ke2 Kg2 57.Kd3 g3 58.Kc4 Kf3 59.Rg5 g2 60.
Kb5 Rb1+ 61.Kc6 Ra1 62.Kb6 Ra4 63.Rxg2 Kxg2 64.a6 Kf3 65.a7 Ke4 66.Kb7 
Rxa7+ 67.Kxa7 1/2-1/2

[Event "XXIII Festival Conca della Presolana A"]
[Site "Bratto - Castione della Presolana ITA"]
[Date "2003.08.27"]
[Round "7"]
[White "Alberton, Roberto"]
[Black "Mascheroni, Maurizio"]
[Result "1-0"]
[WhiteElo "2113"]
[BlackElo "2068"]
[PlyCount "33"]
[EventDate "2003.08.21"]

1.e4 d6 2.d4 Nf6 3.Nc3 g6 4.Be3 Bg7 5.f3 c6 6.Qd2 Nbd7 7.g4 h5 8.g5 Ng8 9.
f4 e5 10.dxe5 dxe5 11.f5 gxf5 12.exf5 f6 13.O-O-O Qa5 14.Bc4 b5 15.Be6 Qc7
16.Ne4 Bf8 17.Nf3 1-0

[Event "XXIII Festival Conca della Presolana A"]
[Site "Bratto - Castione della Presolana ITA"]
[Date "2003.08.27"]
[Round "7"]
[White "Astengo, Marcello"]
[Black "Battaggia, Piergiorgio"]
[Result "1-0"]
[WhiteElo "2070"]
[BlackElo "2110"]
[PlyCount "54"]
[EventDate "2003.08.21"]

1.d4 d5 2.c4 e6 3.Nc3 Nf6 4.cxd5 exd5 5.Bg5 Be7 6.e3 c6 7.Qc2 Nbd7 8.Bd3 
O-O 9.Nge2 Re8 10.O-O Nf8 11.Rad1 Ne4 12.Bxe7 Qxe7 13.Bxe4 dxe4 14.d5 Bg4 
15.dxc6 bxc6 16.Rd4 Bxe2 17.Qxe2 f5 18.Rfd1 Rad8 19.Qc4+ Qe6 20.Qc5 Rb8 
21.b3 Rb6 22.h3 g6 23.Rd6 Qc8 24.Qc4+ Kg7 25.Rc1 Qc7 26.Qd4+ Kh6 27.Na4 c5
1-0

[Event "XXIII Festival Conca della Presolana A"]
[Site "Bratto - Castione della Presolana ITA"]
[Date "2003.08.27"]
[Round "7"]
[White "Barletta, Antonio"]
[Black "Mauro, Alan"]
[Result "1/2-1/2"]
[WhiteElo "2053"]
[BlackElo "2222"]
[PlyCount "44"]
[EventDate "2003.08.21"]

1.e4 c5 2.Nf3 d6 3.d4 cxd4 4.Nxd4 Nf6 5.Nc3 g6 6.Be3 Bg7 7.f3 O-O 8.Bc4 
Nc6 9.Qd2 a5 10.a4 Bd7 11.Nde2 Ne5 12.Bb3 Be6 13.O-O Qd7 14.Bh6 Rfc8 15.
Bxg7 Kxg7 16.Nf4 Bxb3 17.cxb3 Qc6 18.Kh1 Qc5 19.Nfd5 Nxd5 20.Nxd5 Qc2 21.
Qd4 Qc5 22.Qd2 Qc2 1/2-1/2

[Event "XXIII Festival Conca della Presolana A"]
[Site "Bratto - Castione della Presolana ITA"]
[Date "2003.08.27"]
[Round "7"]
[White "Barlocco, Carlo"]
[Black "Bellia, Fabrizio"]
[Result "0-1"]
[WhiteElo "2150"]
[BlackElo "2397"]
[PlyCount "94"]
[EventDate "2003.08.21"]

1.d4 Nf6 2.Nf3 g6 3.g3 Bg7 4.Bg2 O-O 5.O-O d6 6.c4 Nbd7 7.Nc3 e5 8.e4 c6 
9.h3 exd4 10.Nxd4 Nc5 11.Nb3 Be6 12.e5 Nfd7 13.exd6 Bxc4 14.Re1 Nd3 15.Bf1
N7e5 16.Re4 Nxc1 17.Bxc4 Nxc4 18.Rxc4 Nxb3 19.Qxb3 Qxd6 20.Qxb7 Qe6 21.
Qxc6 Qxh3 22.Rh4 Qc8 23.Qxc8 Rfxc8 24.Nd1 Rc2 25.Rb4 Rd8 26.Ra4 Bd4 27.Rb1
Bb6 28.Rf4 Rdd2 29.a4 a5 30.Kf1 h5 31.Ke1 Re2+ 32.Kf1 Red2 33.Ke1 Re2+ 34.
Kf1 Bc5 35.Rf3 Bb4 36.Re3 Red2 37.Rf3 Kg7 38.b3 Bc5 39.Ke1 f5 40.Kf1 Kf6 
41.Ke1 g5 42.Nc3 Bxf2+ 43.Kf1 Kg6 44.Nd1 Bc5 45.Ne3 g4 46.Nxc2 gxf3 47.b4 
axb4 0-1

[Event "XXIII Festival Conca della Presolana A"]
[Site "Bratto - Castione della Presolana ITA"]
[Date "2003.08.27"]
[Round "7"]
[White "Borroni, Enrico"]
[Black "Rago, Riccardo"]
[Result "1/2-1/2"]
[WhiteElo "1908"]
[BlackElo "2163"]
[PlyCount "31"]
[EventDate "2003.08.21"]

1.d4 e6 2.Nf3 Nf6 3.e3 b6 4.Nbd2 Bb7 5.Bd3 Be7 6.O-O c5 7.c3 O-O 8.Qe2 d5 
9.Ne5 Nbd7 10.f4 Ne4 11.Rf3 f5 12.Rf1 Nxe5 13.fxe5 c4 14.Bc2 b5 15.Nxe4 
fxe4 16.Bd2 1/2-1/2

[Event "XXIII Festival Conca della Presolana A"]
[Site "Bratto - Castione della Presolana ITA"]
[Date "2003.08.27"]
[Round "7"]
[White "Bottino, Alexiei"]
[Black "Cazzaniga, Walter"]
[Result "1/2-1/2"]
[WhiteElo "2071"]
[BlackElo "2130"]
[PlyCount "37"]
[EventDate "2003.08.21"]

1.d4 Nf6 2.c4 g6 3.Nc3 Bg7 4.e4 d6 5.Nf3 O-O 6.Be2 e5 7.d5 a5 8.Bg5 h6 9.
Bh4 Na6 10.Nd2 Qe8 11.Rb1 Bd7 12.a3 a4 13.Nb5 Bxb5 14.cxb5 Nc5 15.f3 b6 
16.O-O Nfd7 17.Rc1 Bf6 18.Bxf6 Nxf6 19.Bc4 1/2-1/2

[Event "XXIII Festival Conca della Presolana A"]
[Site "Bratto - Castione della Presolana ITA"]
[Date "2003.08.27"]
[Round "7"]
[White "Brancaleoni, Maurizio"]
[Black "Capitelli, Paolo"]
[Result "1/2-1/2"]
[WhiteElo "2298"]
[BlackElo "2128"]
[PlyCount "47"]
[EventDate "2003.08.21"]

1.e4 c5 2.Nc3 Nc6 3.Bb5 d6 4.Bxc6+ bxc6 5.d3 e6 6.Nge2 Nf6 7.O-O Be7 8.f4 
Qc7 9.Bd2 O-O 10.Ng3 d5 11.Qe2 Qb6 12.Na4 Qb5 13.b3 c4 14.dxc4 dxc4 15.e5 
Nd7 16.Nb2 cxb3 17.axb3 Nb6 18.Nd3 c5 19.Ra5 Qc6 20.c4 Bb7 21.Be3 Nd7 22.
f5 Bd8 23.Raa1 Bc7 24.Bf4 1/2-1/2

[Event "XXIII Festival Conca della Presolana A"]
[Site "Bratto - Castione della Presolana ITA"]
[Date "2003.08.27"]
[Round "7"]
[White "Cardelli, Gabriele"]
[Black "Scacco, Mauro"]
[Result "1-0"]
[WhiteElo "1927"]
[BlackElo "2090"]
[PlyCount "111"]
[EventDate "2003.08.21"]

1.d4 Nf6 2.Bg5 Ne4 3.h4 d5 4.Nd2 c5 5.Nxe4 dxe4 6.dxc5 Qa5+ 7.Qd2 Qxd2+ 8.
Bxd2 e5 9.b4 a5 10.c3 axb4 11.cxb4 b6 12.e3 bxc5 13.b5 Ra3 14.Bc4 Nd7 15.
Bd5 f5 16.Ne2 Nb6 17.Bc6+ Kd8 18.Bc1 Ra7 19.O-O Kc7 20.Nc3 Be6 21.a4 Ra5 
22.Bd2 Be7 23.Nd5+ Bxd5 24.Bxa5 Bxc6 25.bxc6 Kxc6 26.Bxb6 Kxb6 27.Rfb1+ 
Ka6 28.Rb5 Rc8 29.Rab1 Bd8 30.Rb7 c4 31.Rb8 Rxb8 32.Rxb8 Ba5 33.Rc8 c3 34.
Kf1 Bb4 35.Ke2 Ka5 36.Ra8+ Kb6 37.Kd1 f4 38.exf4 exf4 39.Re8 f3 40.Rxe4 
Ka5 41.g4 Bc5 42.Re5 Kb4 43.Rxc5 Kxc5 44.Kc2 Kb4 45.a5 Kxa5 46.Kxc3 Kb5 
47.Kd4 Kc6 48.Ke4 Kd6 49.Kxf3 Ke5 50.Ke3 Kf6 51.Ke4 g6 52.f3 h5 53.Kf4 Kf7
54.g5 Kg8 55.Ke5 Kh8 56.Kf6 1-0

[Event "XXIII Festival Conca della Presolana A"]
[Site "Bratto - Castione della Presolana ITA"]
[Date "2003.08.27"]
[Round "7"]
[White "Danieli, Enrico"]
[Black "Affinito, Pancrazio"]
[Result "0-1"]
[WhiteElo "2120"]
[BlackElo "2080"]
[PlyCount "74"]
[EventDate "2003.08.21"]

1.Nf3 Nf6 2.d4 c5 3.e3 b6 4.Bd3 Bb7 5.O-O d6 6.c3 Nbd7 7.Nbd2 cxd4 8.exd4 
e6 9.Re1 Be7 10.Qe2 O-O 11.Nc4 Qc7 12.h3 Rfe8 13.Bf4 Bf8 14.Rad1 g6 15.Ne3
Nh5 16.Bh2 f5 17.Bc4 Bh6 18.Nf1 Nf8 19.Bb5 Re7 20.d5 e5 21.Nd4 a6 22.Nxf5 
gxf5 23.Qxh5 Bg7 24.Ba4 Rf7 25.Bg3 Qe7 26.Bh4 Bf6 27.Bxf6 Qxf6 28.Ne3 Ng6 
29.g3 Rc8 30.Bc2 Ne7 31.h4 h6 32.Rd2 Kh8 33.Kh2 b5 34.Qf3 Rg8 35.Rg1 Bc8 
36.Ng2 f4 37.Bd1 fxg3+ 0-1

[Event "XXIII Festival Conca della Presolana A"]
[Site "Bratto - Castione della Presolana ITA"]
[Date "2003.08.27"]
[Round "7"]
[White "De Santis, Alessio"]
[Black "Mantovani, Renzo"]
[Result "1/2-1/2"]
[WhiteElo "2289"]
[BlackElo "2375"]
[PlyCount "50"]
[EventDate "2003.08.21"]

1.d4 Nf6 2.c4 c5 3.d5 g6 4.Nc3 Bg7 5.e4 O-O 6.e5 Ne8 7.Nf3 d6 8.exd6 Nxd6 
9.h3 Nd7 10.Be2 Nb6 11.Qb3 e6 12.Bg5 Bf6 13.Be3 Re8 14.dxe6 Bxe6 15.O-O-O 
Rc8 16.Ne4 Bd4 17.Bg5 Qc7 18.Nxd4 Nxe4 19.Nb5 Qb8 20.Be3 a6 21.Nc3 Nxc3 
22.Qxc3 Bf5 23.Bf3 Be4 24.Bxe4 Rxe4 25.b3 Qc7 1/2-1/2

[Event "XXIII Festival Conca della Presolana A"]
[Site "Bratto - Castione della Presolana ITA"]
[Date "2003.08.27"]
[Round "7"]
[White "Del Rio Angelis, Salvador Gabriel"]
[Black "Castaldo, Folco"]
[Result "1-0"]
[WhiteElo "2479"]
[BlackElo "2322"]
[PlyCount "67"]
[EventDate "2003.08.21"]

1.e4 c5 2.Nf3 Nc6 3.d4 cxd4 4.Nxd4 Nf6 5.Nc3 e5 6.Ndb5 d6 7.Bg5 a6 8.Na3 
b5 9.Bxf6 gxf6 10.Nd5 f5 11.c3 Be6 12.exf5 Bxd5 13.Qxd5 Ne7 14.Qf3 d5 15.
Nc2 Bh6 16.Rd1 e4 17.Qh5 Qd6 18.Be2 Rg8 19.Qh3 Rd8 20.O-O Qf6 21.Nd4 Bf4 
22.Kh1 Be5 23.f3 Rd6 24.fxe4 dxe4 25.Nc2 Nd5 26.g3 Qg5 27.f6 Nxf6 28.Rf5 
Rxd1+ 29.Bxd1 Qd2 30.Rxe5+ Kf8 31.Qf1 Rg6 32.Rf5 e3 33.Qe1 Qd3 34.Nxe3 1-0

[Event "XXIII Festival Conca della Presolana A"]
[Site "Bratto - Castione della Presolana ITA"]
[Date "2003.08.27"]
[Round "7"]
[White "Epishin, Vladimir V."]
[Black "Drazic, Sinisa"]
[Result "1-0"]
[WhiteElo "2642"]
[BlackElo "2463"]
[PlyCount "85"]
[EventDate "2003.08.21"]

1.d4 Nf6 2.c4 e6 3.Nc3 Bb4 4.e3 c5 5.Ne2 b6 6.a3 Ba5 7.Rb1 Na6 8.Bd2 O-O 
9.d5 Qe7 10.Ng3 d6 11.Be2 Bxc3 12.Bxc3 exd5 13.Bxf6 Qxf6 14.cxd5 Nc7 15.
O-O a5 16.e4 Bd7 17.Qd2 a4 18.Rbc1 Bb5 19.Rc3 Rfe8 20.Rf3 Qe5 21.Re3 Ra7 
22.Rd1 Bd7 23.h3 g6 24.Rc3 Qf6 25.Qh6 Qg7 26.Qh4 Kf8 27.f4 h6 28.Kh2 Re7 
29.Rf3 Ne8 30.Rdf1 Bc8 31.Bb5 Bd7 32.Bd3 Bc8 33.Ne2 Ba6 34.Bxa6 Rxa6 35.
Nc3 b5 36.e5 dxe5 37.f5 g5 38.Qf2 b4 39.Ne4 Nf6 40.Nxc5 Rd6 41.Ne6+ Rdxe6 
42.fxe6 Nxd5 43.Rxf7+ 1-0